Deutsche KfZ-Kennzeichen A-Z - Statistiken

Allgemein
  • Dieses Quiz wurde 322 mal gespielt
  • Das Durchschnittsergebnis liegt bei 19 aus 24
Antwortstatistiken
Kürzel Stadt / Landkreis % Korrekt
B Berlin
97%
D Düsseldorf
96%
F Frankfurt am Main
96%
M München
95%
E Essen
94%
K Köln
94%
N Nürnberg
92%
S Stuttgart
90%
A Augsburg
89%
H Hannover
88%
C Chemnitz
85%
J Jena
85%
UL Ulm
79%
IN Ingolstadt
77%
L Leipzig
76%
TR Trier
74%
P Potsdam
73%
R Regensburg
67%
OB Oberhausen
64%
Z Zwickau
64%
G Gera
63%
W Wuppertal
52%
QLB Quedlinburg
49%
V Vogtland
28%
Keine übereinstimmenden Quizze gefunden
Verteilung der Resultate
Anzahl Personen mit jedem Resultat
Perzentil nach korrekt beantworteten Fragen
Ihre Resultats-Entwicklung
Sie haben dieses Quiz noch nicht gespielt